=LDR 00000nam 2200000 4500 =001 INLIS000000000013920 =005 20130612105233 =008 ***********************************Ind** =035 ##$$0010-061300000013920 =041 ##$$a Ind =082 ##$$a 613.94 =090 ##$$a 613.94, Sis t =100 ##$$a Siswosudarmo, HR =245 ##$$a Teknologi kontrasepsi, HR. Siswosudarmo =260 ##$$a 2001 $b Yogyakarta =300 ##$$a 91 hlm, 21 cm =650 ##$$a Kontrasepsi =850 ##$$a NBPNMAT